00300pab a2200109 454500008004000000245006900040260000900109300001300118362001100131650001400142773003400156180718b2012 xxu||||| |||| 00| 0 eng d aAn international trojan horse? Need for review of UAPA Bill 2011 c2012 ap.19-21. a10 Mar aTerrorism aEconomic and Political Weekly